Road mapping: megaprojects and land grabs in the northern Guatemala lowlands /
Gespeichert in:
| 1. Verfasser: | |
|---|---|
| Format: | Text |
| Tags: |
Tag hinzufügen
Keine Tags, Fügen Sie den ersten Tag hinzu!
|
MARC
| LEADER | 00000 a a2200000 04500 | ||
|---|---|---|---|
| 001 | 46386 | ||
| 003 | |||
| 040 | |||
| 100 | |a Grandia, Liza | ||
| 245 | |a Road mapping: |b megaprojects and land grabs in the northern Guatemala lowlands / |c Liza Grandia | ||
| 773 | |g volumen44, número2 ( , 2013), páginas 233-259: tabla, mapas | ||
| 999 | |c 37453 |d 37453 | ||
